Statistics for Type a world capital

Click here to take the quiz!

General Stats

  • This quiz has been taken 17 times
  • The average score is 142 of 196

Answers on the Map

Answers color-coded by a green-red scale on the quiz's map according to % correct below.
 

Answer Stats

CountryCapital% Correct
United KingdomLondon
100%
MexicoMexico City
100%
JapanTokyo
100%
United StatesWashington D.C.
100%
TurkeyAnkara
93%
GreeceAthens
93%
ChinaBeijing
93%
BelgiumBrussels
93%
IrelandDublin
93%
UkraineKyiv
93%
PortugalLisbon
93%
SpainMadrid
93%
MonacoMonaco
93%
RussiaMoscow
93%
NorwayOslo
93%
CanadaOttawa
93%
FranceParis
93%
ChileSantiago
93%
Vatican CityVatican City
93%
New ZealandWellington
93%
NetherlandsAmsterdam
87%
GermanyBerlin
87%
ColombiaBogotá
87%
BrazilBrasília
87%
ArgentinaBuenos Aires
87%
EgyptCairo
87%
AustraliaCanberra
87%
VietnamHanoi
87%
FinlandHelsinki
87%
LuxembourgLuxembourg
87%
BelarusMinsk
87%
IndiaNew Delhi
87%
South AfricaPretoria, Cape Town,
or Bloemfontein
87%
North KoreaPyongyang
87%
ItalyRome
87%
Bosnia and HerzegovinaSarajevo
87%
South KoreaSeoul
87%
SingaporeSingapore
87%
SwedenStockholm
87%
TunisiaTunis
87%
United Arab EmiratesAbu Dhabi
80%
EthiopiaAddis Ababa
80%
AlgeriaAlgiers
80%
JordanAmman
80%
IraqBaghdad
80%
ThailandBangkok
80%
SwitzerlandBern
80%
RomaniaBucharest
80%
HungaryBudapest
80%
VenezuelaCaracas
80%
DenmarkCopenhagen
80%
SenegalDakar
80%
BangladeshDhaka
80%
QatarDoha
80%
GuatemalaGuatemala City
80%
ZimbabweHarare
80%
CubaHavana
80%
PakistanIslamabad
80%
IndonesiaJakarta
80%
IsraelJerusalem
80%
AfghanistanKabul
80%
NepalKathmandu
80%
SudanKhartoum
80%
JamaicaKingston
80%
Saint Vincent and the GrenadinesKingstown
80%
KuwaitKuwait City
80%
PeruLima
80%
PhilippinesManila
80%
SomaliaMogadishu
80%
KenyaNairobi
80%
BahamasNassau
80%
PanamaPanama City
80%
EcuadorQuito
80%
MoroccoRabat
80%
LatviaRiga
80%
Saudi ArabiaRiyadh
80%
YemenSana'a
80%
San MarinoSan Marino
80%
El SalvadorSan Salvador
80%
BulgariaSofia
80%
TaiwanTaipei
80%
IranTehran
80%
MongoliaUlaanbaatar
80%
MaltaValletta
80%
AustriaVienna
80%
CroatiaZagreb
80%
GhanaAccra
73%
AndorraAndorra la Vella
73%
MoldovaChișinău
73%
GuineaConakry
73%
SyriaDamascus
73%
East TimorDili
73%
DjiboutiDjibouti
73%
UgandaKampala
73%
MalaysiaKuala Lumpur
73%
BoliviaLa Paz or Sucre
73%
AngolaLuanda
73%
UruguayMontevideo
73%
OmanMuscat
73%
CambodiaPhnom Penh
73%
HaitiPort-au-Prince
73%
Czech RepublicPrague
73%
IcelandReykjavík
73%
Costa RicaSan José
73%
Dominican RepublicSanto Domingo
73%
EstoniaTallinn
73%
GeorgiaTbilisi
73%
AlbaniaTirana
73%
LibyaTripoli
73%
LithuaniaVilnius
73%
PolandWarsaw
73%
ArmeniaYerevan
73%
NigeriaAbuja
67%
KazakhstanAstana
67%
ParaguayAsunción
67%
AzerbaijanBaku
67%
MaliBamako
67%
LebanonBeirut
67%
SerbiaBelgrade
67%
Sierra LeoneFreetown
67%
BotswanaGaborone
67%
GuyanaGeorgetown
67%
South SudanJuba
67%
RwandaKigali
67%
Democratic Republic of the CongoKinshasa
67%
SloveniaLjubljana
67%
ZambiaLusaka
67%
Papua New GuineaPort Moresby
67%
Trinidad and TobagoPort-of-Spain
67%
KosovoPristina
67%
Antigua and BarbudaSaint John's
67%
North MacedoniaSkopje
67%
FijiSuva
67%
UzbekistanTashkent
67%
BhutanThimphu
67%
LiechtensteinVaduz
67%
NamibiaWindhoek
67%
MadagascarAntananarivo
60%
SamoaApia
60%
TurkmenistanAshgabat
60%
EritreaAsmara
60%
BruneiBandar Seri Begawan
60%
Saint Kitts and NevisBasseterre
60%
KyrgyzstanBishkek
60%
Guinea-BissauBissau
60%
SlovakiaBratislava
60%
Republic of the CongoBrazzaville
60%
BarbadosBridgetown
60%
Saint LuciaCastries
60%
TanzaniaDodoma
60%
GabonLibreville
60%
TogoLomé
60%
MaldivesMalé
60%
NicaraguaManagua
60%
MozambiqueMaputo
60%
LiberiaMonrovia
60%
ComorosMoroni
60%
ChadN'Djamena
60%
NigerNiamey
60%
CyprusNicosia
60%
MauritaniaNouakchott
60%
SurinameParamaribo
60%
MontenegroPodgorica
60%
MauritiusPort Louis
60%
BeninPorto-Novo or Cotonou
60%
VanuatuPort Vila
60%
DominicaRoseau
60%
GrenadaSaint George's
60%
KiribatiSouth Tarawa
60%
Sri LankaSri Jayawardenapura Kotte
60%
SeychellesVictoria
60%
LaosVientiane
60%
NauruYaren
60%
Central African RepublicBangui
53%
GambiaBanjul
53%
BelizeBelmopan
53%
TajikistanDushanbe
53%
TuvaluFunafuti
53%
BurundiGitega
53%
Solomon IslandsHoniara
53%
MalawiLilongwe
53%
Equatorial GuineaMalabo
53%
BahrainManama
53%
LesothoMaseru
53%
EswatiniMbabane
53%
MyanmarNaypyidaw
53%
PalauNgerulmud
53%
Burkina FasoOuagadougou
53%
Federated States of MicronesiaPalikir
53%
Cape VerdePraia
53%
HondurasTegucigalpa
53%
CameroonYaoundé
53%
TongaNukuʻalofa
47%
São Tomé and PríncipeSão Tomé
47%
Ivory CoastYamoussoukro
47%
Marshall IslandsMajuro
40%

Score Distribution

Percentile by Number Answered

Percent of People with Each Score

Your Score History

You have not taken this quiz